[Event "AUTO-ADV-4890"]
[Site "http://www.queenalice.com/game.php?id=1865442"]
[Date "2025.11.11"]
[Round "2"]
[White "JailtonMaster"]
[Black "shmurtz91"]
[Result "1-0"]
[WhiteElo "2207"]
[BlackElo "2060"]

1. d4 d5 2. c4 e6 3. Nf3 Nf6 4. Nc3 dxc4 5. e4 Bb4 6. Bg5 Nc6 7. Bxc4 h6 8. Bh4
g5 9. e5 Ne4 10. Qd3 Na5 11. Bb5+ c6 12. Bxc6+ Nxc6 13. Qxe4 gxh4 14. O-O-O Qe7
15. d5 exd5 16. Nxd5 Nxe5 17. Nxe7 1-0

[Event "AUTO-ADV-4890"]
[Site "http://www.queenalice.com/game.php?id=1865443"]
[Date "2025.11.11"]
[Round "2"]
[White "shmurtz91"]
[Black "JailtonMaster"]
[Result "0-1"]
[WhiteElo "1972"]
[BlackElo "2170"]

1. d4 d5 2. Nf3 Nf6 3. c4 e6 4. Nc3 c6 5. a3 Nbd7 6. e3 dxc4 7. Bxc4 b5 8. Bb3
Bb7 9. O-O a6 10. Bc2 c5 11. dxc5 Bxc5 12. b4 Bb6 13. Ng5 O-O 14. Qd3 h6 15.
Nge4 Nxe4 16. Nxe4 Qe7 17. Bb2 g6 18. Rad1 Rad8 19. Ng3 e5 20. e4 Nf6 21. Qf3
Rxd1 22. Rxd1 Bc8 23. h3 Rd8 24. Rxd8+ Bxd8 25. Qe3 Bb7 26. Qxh6 Bb6 27. Bc1
Bxf2+ 28. Kh2 Bxg3+ 29. Kxg3 Nxe4+ 30. Kh2 Qc7 31. h4 Qxc2 0-1

[Event "AUTO-ADV-4890"]
[Site "http://www.queenalice.com/game.php?id=1865446"]
[Date "2025.11.11"]
[Round "2"]
[White "Fauquinelle"]
[Black "shmurtz91"]
[Result "0-1"]
[WhiteElo "1978"]
[BlackElo "1964"]

1. d4 d5 2. c4 Nf6 3. Nc3 dxc4 4. e4 c6 5. Bxc4 e6 6. Nf3 h6 7. O-O Nbd7 8. Qc2
Bb4 9. Ne2 O-O 10. a3 Be7 11. e5 Nd5 12. Qe4 b6 13. Nf4 f5 14. exf6 N7xf6 15.
Qe5 Bd6 16. Nxe6 Bxe5 17. Nxd8 Bxh2+ 18. Kxh2 Rxd8 19. Bf4 Be6 20. Ne5 Rac8 21.
Be3 Nd7 22. Bxd5 Bxd5 23. f4 Nf6 24. Kh3 Rd6 25. Rac1 Ne4 26. g4 g5 27. fxg5
hxg5 28. Nf3 Rh6+ 29. Kg2 Rf8 30. Kg1 Rh3 31. Rc2 Rfxf3 32. Rxf3 Rxf3 0-1

[Event "AUTO-ADV-4890"]
[Site "http://www.queenalice.com/game.php?id=1865447"]
[Date "2025.11.11"]
[Round "2"]
[White "shmurtz91"]
[Black "Fauquinelle"]
[Result "0-1"]
[WhiteElo "1987"]
[BlackElo "2006"]

1. d4 d5 2. c4 c6 3. Nf3 Nf6 4. Nc3 Bf5 5. b3 e6 6. a3 c5 7. e3 Nc6 8. Bb2 Qa5
9. b4 cxb4 10. axb4 Qxb4 11. Qc1 dxc4 12. Ra4 Qb6 13. Rxc4 Bb4 14. Ba3 Nd5 15.
Rxc6 bxc6 16. Bb2 O-O 17. Be2 Qa5 18. Kd2 Rfc8 19. Ne5 c5 0-1

[Event "AUTO-ADV-4890"]
[Site "http://www.queenalice.com/game.php?id=1865450"]
[Date "2025.11.11"]
[Round "2"]
[White "shmurtz91"]
[Black "Capixabba789"]
[Result "1-0"]
[WhiteElo "2050"]
[BlackElo "1910"]

1. d4 d5 2. Nf3 e6 3. c4 Nf6 4. a3 Be7 5. Nc3 c6 6. Bg5 O-O 7. Bxf6 Bxf6 8. e3
a5 9. a4 Na6 10. Na2 Nc7 11. b4 axb4 12. Nxb4 dxc4 13. Bxc4 Nd5 14. Qb3 Re8 15.
O-O Bd7 16. a5 Nxb4 17. Qxb4 Qc7 18. Nd2 e5 19. Nb3 exd4 20. exd4 Qf4 21. Nc5
Be6 22. Nxe6 fxe6 23. Rae1 Bxd4 24. Rd1 c5 25. Qb3 Be5 26. Bxe6+ Kh8 27. g3 Qf6
28. Bd5 Rab8 29. Rb1 h6 30. Qb5 Bd4 31. Bxb7 Re7 32. a6 1-0

[Event "AUTO-ADV-4890"]
[Site "http://www.queenalice.com/game.php?id=1865451"]
[Date "2025.11.11"]
[Round "2"]
[White "Capixabba789"]
[Black "shmurtz91"]
[Result "1-0"]
[WhiteElo "1834"]
[BlackElo "2050"]

1. d4 d5 2. Nc3 c6 3. f4 e6 4. Nf3 Nf6 5. e3 a6 6. Bd3 c5 7. dxc5 Bxc5 8. O-O
Qb6 9. Na4 Bxe3+ 10. Kh1 Qa7 11. b3 b5 12. Nc3 Ng4 13. Qe2 Nf2+ 14. Rxf2 Bxf2
15. Nxd5 O-O 16. Bxh7+ Kh8 17. Ne7 Bc5 18. Nxc8 Rxc8 19. Bd3 Nd7 20. Ng5 Nf6 21.
Qf3 Bd4 22. Rb1 Qe7 23. Qh3+ Kg8 24. Bh7+ Kf8 25. Be4 g6 26. Qh8+ Ng8 27. Qxd4
Rd8 28. Qg1 Rac8 29. Bb2 Nh6 30. Bd3 Nf5 31. Qf2 f6 32. Ne4 Kf7 33. Bxf6 Qf8 34.
Bxd8 Rxd8 35. Qa7+ Ke8 36. Qxa6 Rd5 37. Bxb5+ 1-0

[Event "AUTO-ADV-4850"]
[Site "http://www.queenalice.com/game.php?id=1865685"]
[Date "2025.11.17"]
[Round "3"]
[White "shmurtz91"]
[Black "Fauquinelle"]
[Result "0-1"]
[WhiteElo "2005"]
[BlackElo "1948"]

1. d4 d5 2. c4 c6 3. Nf3 Nf6 4. h3 Bf5 5. Nc3 e6 6. Nh4 Be4 7. f3 Bg6 8. Qb3 Qb6
9. Qxb6 axb6 10. a4 Bb4 11. Nxg6 fxg6 12. e3 Na6 13. Bd3 O-O 14. Bd2 Nc7 15. O-O
c5 16. Ne2 Bxd2 0-1

[Event "AUTO-ADV-4850"]
[Site "http://www.queenalice.com/game.php?id=1865686"]
[Date "2025.11.17"]
[Round "3"]
[White "Fauquinelle"]
[Black "shmurtz91"]
[Result "1-0"]
[WhiteElo "1928"]
[BlackElo "2025"]

1. d4 Nf6 2. Nf3 d5 3. c4 c6 4. Nc3 e6 5. e3 g6 6. b3 Bg7 7. Ba3 Qc7 8. cxd5
cxd5 9. Rc1 Nc6 10. Ne5 Ne7 11. Bb5+ Nd7 12. Bxd7+ Bxd7 13. Bxe7 Kxe7 14. Nxd5+
1-0